000 01544nam a2200349 c 4500
003 BLK
005 20250116152450.0
008 180409b bul|||||r ||||||| ||bul||
010 _aKNG00122032000
040 _aBLK
041 _aBUL
_cBUL
080 _aМузика
_b78
_x(07)
_z78(07)
700 _aПеев, Иван Иванов
_d1937-2018
_gМузикант, джазпианист, композитор, аранжор. Автор на песни.
_9304985
139 _aОсновни въпроси на обучението по пеене
_bО 83
245 1 0 _aОсновни въпроси на обучението по пеене
_bЧ. 1 - 7
_cсъстав. и ред. Иван Иванов Пеев.
_nЧ. 2
_pПомагало за учители в средния курс
257 _aBGR
260 София
_bНар. просв.
_c1965 -
300 _c20 см
380 _a7
650 4 _aМузика - методика на преподаването - за основни училища
_9244269
653 _aмелодичен слух
653 _aметроритмика
653 _aмузика
653 _aладове
760 1 _d1966
_h220 с. : с ноти
_tЧ. 2 Помагало за учители в средния курс
852 _aЦб 39664
856 4 _qpdf
_u
856 4 _qpdf
_u
942 _cKNG
_n0
944 _aCR
_c16.03.2011
_lГеновева Генчева
_k30560
944 _aED
_c30.03.2018
_lдобави в АБ / 15.03.2011
_kИрена_Линкова
999 _c116486
_d116486